| 000 | 00586nam a22001817a 4500 | ||
|---|---|---|---|
| 005 | 20241106120303.0 | ||
| 010 | _aENG-142575 | ||
| 020 |
_c395.00 _a9789357943208 |
||
| 035 | _aEN-126107 | ||
| 037 | _bDBAD | ||
| 082 | _a152.46 | ||
| 100 |
_aCarnegie, Dale _973740 |
||
| 245 |
_aHow To Stop Worrying And Start Living/ _cBy Dale Carnegie |
||
| 260 |
_aNew Delhi _bV&S Publishers _c2023 |
||
| 270 |
_bNew Delhi _aF-2/16, Ansari Road, Daryaganj, _e110002 _minfo@vspublishers.com |
||
| 300 |
_a313p. _c22cm(Pb) _b7 Pages of Advertisement |
||
| 942 |
_2ddc _cEN _h152.46 _mCAR |
||
| 999 |
_c206906 _d206906 |
||